Gminy w powiecie kutnowskim - Statystyki

Ogólne statystyki
  • Ten quiz został rozwiązany 161 razy
  • Średni wynik to 7 z 11
Statystyki odpowiedzi
Hint Odpowiedź % Poprawnych
1 Kutno
94%
2 Kutno
94%
4 Krośniewice
72%
3 Żychlin
68%
6 Strzelce
63%
5 Bedlno
57%
8 Krzyżanów
57%
10 Łanięta
53%
9 Oporów
50%
7 Dąbrowice
47%
11 Nowe Ostrowy
42%
Nie znaleziono quizów pasujących do podanych kryteriów
Rozkład punktacji
Procent ludzi z każdym wynikiem
Percentyl według liczby udzielonych odpowiedzi
Twoja historia wyników
Nie rozwiązałeś tego quizu